000 01143nam a22002897a 4500
005 20240530110944.0
008 221114s 2021ua ah g be 000 0 ara d
017 _a2021/7898
_bمصر. دار الكتب
020 _a9789778126143
040 _aEG-CaGPL
_cEG-CaGPL
082 0 4 _221
_a579.503
_bم م
100 0 _aمحمد على احمد
245 1 0 _aموسوعة المصطلحات الفطرية المصورة =
_bPictorial Encyclopedia Of The Fungal Terminalogy /
_cمحمد على احمد
246 1 1 _aPictorial Encyclopedia Of The Fungal Terminalogy
250 _aط.1
260 _aالقاهرة :
_bالمكتب العربى للمعارف،
_c2021.
300 _a1200 ص. :
_bايض ؛
_c24 سم .
504 _aيشتمل على ارجاعات ببليوجرافية
650 0 7 _2qrmak
_aالفطريات
650 0 7 _2qrmak
_aالفطريات
_xتصنيف
650 0 7 _2qrmak
_aالفطريات
_xتشريح
650 0 7 _2qrmak
_aالنبات، علم
650 0 7 _2qrmak
_aالفطريات
_vدوائر المعارف
651 _2qrmak
942 _2ddc
_cBK
999 _c66880
_d66880